[Event "Mazowiec-chT 1213"]
[Site "Poland"]
[Date "2013.02.17"]
[Round "8.9"]
[White "Szulejko, Michal"]
[Black "Koziol, Pawel"]
[Result "1/2-1/2"]
[WhiteElo "1447"]
[BlackElo "1884"]
[PlyCount "86"]
[EventDate "2013.01.13"]
[EventType "team-tourn"]
[EventRounds "10"]
[EventCountry "POL"]
[SourceTitle "EXT 2019"]
[Source "ChessBase"]
[SourceDate "2018.10.10"]
[SourceVersion "1"]
[SourceVersionDate "2018.10.10"]
[SourceQuality "1"]

1. d4 d5 2. c4 e6 3. Nc3 Be7 4. Nf3 Nf6 5. Bg5 h6 6. Bh4 0-0 7. e3 c6 8. Rc1 Nbd7 9. Bd3 dxc4 10. Bxc4 Nd5 11. Bxe7 Qxe7 12. 0-0 Nxc3 13. Rxc3 e5 14. d5 cxd5 15. Bxd5 Nf6 16. Bb3 Bg4 17. Qc2 Bxf3 18. gxf3 Rad8 19. Rc7 Rd7 20. Rxd7 Qxd7 21. Qc5 Qf5 22. Bd1 b6 23. Qc7 e4 24. f4 Qa5 25. Qc4 b5 26. Qb3 a6 27. Kh1 Qd2 28. Qc2 Rd8 29. Qc6 Qxb2 30. Qxa6 Nd5 31. Bb3 Qe2 32. Kg1 Nf6 33. Qb7 Rd7 34. Qc8+ Kh7 35. Qc6 Qg4+ 36. Kh1 Qf3+ 37. Kg1 Qh3 38. Bd1 Rd5 39. Qc2 Ng4 40. Qxe4+ f5 41. Qg2 Qxg2+ 42. Kxg2 Rd2 43. Bxg4 fxg4 1/2-1/2

[Event "Mazowiec-chT op Autumn"]
[Site "Poland"]
[Date "2012.10.21"]
[Round "3.6"]
[White "Szulejko, Michal"]
[Black "Kaminski, Lukasz"]
[Result "1-0"]
[WhiteElo "1491"]
[BlackElo "1398"]
[PlyCount "93"]
[EventDate "2012.10.14"]
[EventType "team-swiss"]
[EventRounds "8"]
[EventCountry "POL"]
[SourceTitle "EXT 2019"]
[Source "ChessBase"]
[SourceDate "2018.10.10"]
[SourceVersion "1"]
[SourceVersionDate "2018.10.10"]
[SourceQuality "1"]

1. d4 d5 2. c4 dxc4 3. Nf3 Nf6 4. e3 Bf5 5. Bxc4 Ne4 6. Qb3 Nd6 7. Nc3 Nxc4 8. Qxc4 Nc6 9. d5 Nb8 10. Qb5+ Nd7 11. Qxb7 Nb6 12. Qc6+ Bd7 13. Qc5 a6 14. Qd4 f6 15. 0-0 g5 16. Nxg5 Bh6 17. Nf3 Rg8 18. Qh4 Bg4 19. Nd2 Rg6 20. e4 Kf7 21. f3 Bd7 22. Nb3 Bxc1 23. Qxh7+ Rg7 24. Qh5+ Rg6 25. Raxc1 Qg8 26. Ne2 Kf8 27. Rf2 Qg7 28. f4 Bg4 29. Qh4 Kf7 30. f5 Rg5 31. Rxc7 Rh8 32. Qg3 Bxe2 33. Rxe7+ Kxe7 34. Qc7+ Ke8 35. Qxb6 Rg8 36. Qb8+ Ke7 37. Qc7+ Ke8 38. Qc8+ Ke7 39. Qe6+ Kd8 40. Qd6+ Ke8 41. Qb8+ Ke7 42. d6+ Kf7 43. Qc7+ Ke8 44. Qc8+ Kf7 45. Qd7+ Kf8 46. Qd8+ Kf7 47. Qe7# 1-0

[Event "Mazowiec-chT op Autumn"]
[Site "Poland"]
[Date "2012.10.14"]
[Round "1.2"]
[White "Szulejko, Michal"]
[Black "Duniec, Mateusz"]
[Result "0-1"]
[WhiteElo "1491"]
[BlackElo "1617"]
[PlyCount "51"]
[EventDate "2012.10.14"]
[EventType "team-swiss"]
[EventRounds "8"]
[EventCountry "POL"]
[SourceTitle "EXT 2019"]
[Source "ChessBase"]
[SourceDate "2018.10.10"]
[SourceVersion "1"]
[SourceVersionDate "2018.10.10"]
[SourceQuality "1"]

1. d4 d5 2. c4 c6 3. Nf3 Nf6 4. Nc3 e6 5. Bg5 Nbd7 6. e3 Bb4 7. Rc1 0-0 8. cxd5 exd5 9. Bd3 c5 10. 0-0 Bxc3 11. bxc3 c4 12. Be2 Qa5 13. Qc2 Ne4 14. Be7 Re8 15. Bb4 Qc7 16. Nd2 Nxd2 17. Qxd2 Nf6 18. Bf3 Bf5 19. Qb2 Ne4 20. Rfd1 a5 21. Ba3 Re6 22. Rb1 Rh6 23. g3 b6 24. Qb5 Bd7 25. Qb2 Qc6 26. Bxe4 0-1